000 00475nam a2200157Ia 4500
003 GCL
008 140319s9999 xx 000 0 eng d
040 _aGCL /
_cGCL
082 0 4 _a892.7
_bV
100 1 _aCALASSO, GIOVANNA
245 1 0 _aUN'<< EPOPEA MUSULMANA>> DI EPOCA TIMURIDE : IL XAUAR - NAME DI EBN HOSAM /
_cCALASSO, GIOVANNA
260 _a[S.N] :
_bACCADEMIA NAZIONALE DEI LINCEI ،
_c1979
300 _a384 - 539
650 0 4 _aPERSIAN LITERATURE
942 _2ddc
_cBK
999 _c12409
_d12409